Word Ladder: Process, Then Resurface Quiz Stats

Quiz Updated Jan 8, 2018

Challenge
Share
Tweet
Embed
Score 0/26 Timer 03:00
1 Play Today
Clue 4-Letter Word % Correct
Not closedOPEN
99.2%
Pizzeria applianceOVEN
97.2%
Band around the waistBELT
97.2%
Retired Jamaican sprinter UsainBOLT
96.9%
Defeat; rhythmBEAT
96.4%
Pinto, lima or fava, e.g.BEAN
96.3%
Opaque gemstoneOPAL
95.9%
Young stallionCOLT
95.5%
Coca and Pepsi followerCOLA
95.5%
■ Radio-message ender ■■ OVER ■
93.9%
■ Inviting word ■■ COME ■
93.7%
Spoken examinationORAL
93.7%
Deep unconsciousnessCOMA
93.7%
Clue 4-Letter Word % Correct
German automobile manufacturerOPEL
93.3%
Reactor's inmost zoneCORE
91.9%
Affordable ____ ActCARE
91.9%
Rental on a golf courseCART
89.3%
Fiber cerealBRAN
88.4%
Cigarette quantityPACK
86.3%
City between Algiers and CasablancaORAN
83.9%
■ Throw one's support behind ■■ BACK ■
83.6%
A handshake may seal onePACT
82.9%
Go splitsvillePART
82.2%
What to do in sunshineBASK
80.6%
Strike heavily; big celebrationBASH
74%
■ Respond angrily, with 'out' ■■ LASH ■
59.8%

Today's Daily Dose

Missing Word
Jazz Songs 'C'

On This Day
January 18th

You're not logged in!

Compare scores with friends on all Sporcle quizzes.
Sign Up with Email
OR
Log In

You Might Also Like...

Show Comments

Extras

Top Quizzes Today


Score Distribution

Your Account Isn't Verified!

In order to create a playlist on Sporcle, you need to verify the email address you used during registration. Go to your Sporcle Settings to finish the process.